00348cam a22001217a 4500008004000000020001500040082001500055100001800070245005600088260004000144300001000184650003200194180718b2005 xxu||||| |||| 00| 0 eng d a0195672151 aA6x54 N738 aNoorani, A.G. aIndian political trials, 1775-1947cby A.G. Noorani aNew DelhibOxford Univ. Pressc2005 a316p. aIndia - History - 1775-1947